| 000 | 00636nam a2200229Ia 4500 | ||
|---|---|---|---|
| 003 | OSt | ||
| 005 | 20220928144949.0 | ||
| 006 | a|||||r|||| 00| 0 | ||
| 007 | ta | ||
| 008 | 220927b |||||||| |||| 00| 0 eng d | ||
| 024 | _a77468 | ||
| 037 | _cTextual | ||
| 040 |
_aSDCL _cSDCL _beng |
||
| 041 |
_2eng _aeng |
||
| 082 | _aG1132:4715, M5 | ||
| 100 |
_aDellarco Vicki L Ed. _9510653 |
||
| 245 | 0 |
_aAneuploidy _b Etiology and machanisms. |
|
| 260 | _c1985 | ||
| 700 |
_a Voytek Peter E Ed. _9510654 |
||
| 942 |
_hG1132:4715, M5 _cTEXL _2CC |
||
| 999 |
_c830798 _d830798 |
||